000
00212nam a22000857a 4500
008
170617b xxu||||| |||| 00| 0 eng d
100
_9
3482
_a
CBSE
245
_a
Work education in school
260
_a
New Delhi
_b
CBSE
_c
2004
999
_c
6862
_d
6862